00514cam a22001572 4500001001100000005001700011008004100028020001600069040001500085050001900100100003900119245009700158260003500255300001500290651005100305000000040020151217151748.0070130s xx 000 0 eng d a077480570 : aKABUcKABU 0aF1089b.V22M331 aMcDonald, Robert A. J.@000014857610aMaking Vancouver :bclass, status and social boundaries, 1863-1913 /cRobert A. J. McDonald. aVancouver :bUBC Press,c1996. axx, 747 p. 0aVancouver (B.C)xSocial condition.@0000148577